Chaîne de lettres Pokémon 8g - Statistiques

Statistiques générales
  • Ce quiz a été pris 21 fois
  • Le résultat moyen est 12 sur 15
Statistiques - réponses
Indice Pokémon % Correct
Évolution du corayon de Galar Corayôme
100%
Évolution final du starter Plante Gorythmic
94%
Pokémon renard voleur Roublenard
94%
Évolution de Bibichut Sorcilence
94%
Évolution du starter Eau Arrozard
88%
À évolué au contact d'une pomme sucrée Dratatin
88%
Évolution de Dunaja Dunaconda
88%
Pokémon à l'origine de Gygamax Éthernatos
88%
Il cache des baies dans sa queue Rongrigou
82%
Possède une forme Lune Vermeille Ursaking
82%
Insecte de la route 1 Larvadar
76%
Évolution intermédiaire du Pseudo-légendaire Dispareptil
71%
Poisson évoluant en Hastacuda Embrochet
71%
Posséde une forme Gobe-Tout et une forme Gobe-Tchu Nigosier
71%
Pokémon de Donna Torgamord
59%
Aucun quiz correspondant
Distribution des résultats
% des personnes avec chaque résultat
Percentile par nombre de réponses
Votre historique - résultats
Vous n’avez pas pris ce quiz